| 000 | 00666nam a2200217 a 4500 | ||
|---|---|---|---|
| 005 | 20210219152850.0 | ||
| 008 | 991125n 000 0 spa u | ||
| 035 | _aUPN01000064028 | ||
| 100 | 1 | _aVandenberghe, Vicent | |
| 222 | _aREVISTA DE TECNOLOGIA EDUCATIVA | ||
| 245 | _aAnálisis de la relación entre el financiamiento a la demanda y la calidad y equidad de la educación | ||
| 260 | _aSantiago, Chile | ||
| 300 | _a11-27 | ||
| 362 | 0 | _a2000 Vol. 14, nos. 1-2 | |
| 653 | 0 | _aACCESO A LA EDUCACION | |
| 653 | 0 | _aEDUCACION PUBLICA | |
| 653 | 0 | _aFINANCIAMIENTO EDUCATIVO | |
| 653 | 0 | _aMERCADOS EDUCATIVOS | |
| 904 |
_aAC _b001839 |
||
| 905 | _aArticulo | ||
| 999 |
_c62384 _d62384 |
||